000 00476nam a2200181Ia 4500
008 220216s9999 xx 000 0 und d
100 _aVisconte L L Y
245 0 _aNR/SBR blends: preparation modes and properties
260 _bPolimeros: Ciencia e Tecnologia
_c2001
300 _a76-81
500 _aSource Year: 2001
650 _aNR/SBR blends
700 _aMartins A F
700 _aNunes R C R
700 _aSuarez J C M
856 _uRAPRA.38(12)
942 _cJS
999 _c64200
_d64200